Giáo trình văn học trung đại Việt Nam

Khái quát văn học trung đại Việt Nam, văn học thế kỉ X - thế kỉ XIV, văn học thế kỉ XV - thế kỉ XVII, Nguyễn Trãi (1380-1442), Thơ Nôm Đường luật và Hồng Đức Quốc âm thi tập, Nguyễn Bỉnh Khiêm (1491 - 1585), thể loại truyền kì và truyền kỳ mạ...

Полное описание

Сохранить в:
Библиографические подробности
Главный автор: Lã, Nhâm Thìn
Формат:
Язык:Undetermined
Опубликовано: Hà Nội Giáo dục Việt Nam 2017
Предметы:
Метки: Добавить метку
Нет меток, Требуется 1-ая метка записи!
Thư viện lưu trữ: Trung tâm Học liệu Trường Đại học Cần Thơ
LEADER 01079nam a2200217Ia 4500
001 CTU_231036
008 210402s9999 xx 000 0 und d
020 |c 46000 
082 |a 809.89597 
082 |b Th311/T.1 
100 |a Lã, Nhâm Thìn 
245 0 |a Giáo trình văn học trung đại Việt Nam 
245 0 |c Lã Nhâm Thìn (chủ biên), Đinh Thị Khang, Vũ Thanh 
260 |a Hà Nội 
260 |b Giáo dục Việt Nam 
260 |c 2017 
520 |a Khái quát văn học trung đại Việt Nam, văn học thế kỉ X - thế kỉ XIV, văn học thế kỉ XV - thế kỉ XVII, Nguyễn Trãi (1380-1442), Thơ Nôm Đường luật và Hồng Đức Quốc âm thi tập, Nguyễn Bỉnh Khiêm (1491 - 1585), thể loại truyền kì và truyền kỳ mạn luc. 
650 |a Văn học Việt Nam,Vietnamese literature 
650 |x Lịch sử và phê bình,History and criticism 
910 |b vtbtruc 
980 |a Trung tâm Học liệu Trường Đại học Cần Thơ